Silné a slabé stránky slovenského cestovného ruchu

Bibliographic Details
Main Author: Červenková, Anna (Author)
Format: Article
Language:Slovak
PhysicalDescription:Tab.
Subjects:

MARC

LEADER 00000nab a2200000 a 4500
001 vtls000850767
003 SK-MaSNL
005 20260302164623.0
008 180205c2003 xo 0 slo
015 |a SNBRB2003/10-30628 
035 |a CLN000202422 
040 |a SNKBUCL  |b slo  |c SNKBUCL  |e AACR2 
041 0 |a slo 
044 |a xo  |c SK 
080 |a 338.486(437.6)  |2 UDC-MRF-SK2 
100 1 |a Červenková, Anna  |4 aut  |9 270566 
245 1 0 |a Silné a slabé stránky slovenského cestovného ruchu  |c podľa Stratégie CR Slovenska pripravila: Anna Červenková 
300 |b Tab. 
650 0 7 |a ruch cestovný  |z Slovensko  |x stratégie  |2 snkbucl  |9 867856 
655 7 |a články z novín a časopisov  |2 snkbucl  |9 267496 
773 0 |t Bulletin pre cestovný ruch  |g Č. 3 (2003), s. 2-3 
850 |a Slovenská národná knižnica v Martine 
852 |a SNK  |b KIS3GCP 
958 |a RBX 
999 |c 1387285  |d 1389215